000 01347nam0a2200349 4500
001 RU\NLR\BIBL_A\011380865
005 20260517063329.0
010 _a9785845915535
_9200
021 _aRU
_b2017-24463
_91813
035 _a(RuMoRGB)008845193
035 _a(NLR Aleph) 011380865
090 _a11400559
_c11400559
100 _a20170503d2017 u y0rusy50 ca
101 1 _arus
_ceng
102 _aRU
105 _aa z 001zy
200 1 _aАроматерапия для чайников
_fКэти Кевилль
_g[перевод с английского А. Н. Свирид]
210 _aМосква [и др.]
_cДиалектика
_cВильямс
_d2017
215 _a316 с.
_cил.
_d24
225 1 _aВедь это так просто!
300 _aЗагл. и авт. ориг.: Aromatherapy for dummies / Kathi Keville
320 _aПредм. указ.: с. 313-316
454 0 _12001#$aAromatherapy for dummies
_1700#1$aKeville$bK.$gKathi
_tAromatherapy for dummies
_aKeville, Kathi
606 _aАроматерапия
_jПопулярные издания
_91598587
_3RU\NLR\AUTH\661001784
610 0 _aароматерапия
686 _aР359.19я9
_2rubbk
686 1 _aР358.9я9
700 1 _aКевилль
_bК.
_gКэти
942 _cBOOK
980 _aNBR